| 000 | 00460nam a22001697a 4500 | ||
|---|---|---|---|
| 003 | OSt | ||
| 008 | 241023b |||||||| |||| 00| 0 eng d | ||
| 020 | _a9788190402521 | ||
| 082 | _a670.42 KUP | ||
| 100 | _aKUMAR, Jitendra | ||
| 245 | _aPollution control and human Resource management in Textile Industries | ||
| 250 | _a1st. ed. | ||
| 260 |
_aDelhi, _bPankaj Publication International, _c2010, |
||
| 300 | _a138 p. | ||
| 650 | _aB.FAd. | ||
| 942 |
_2ddc _cREF |
||
| 999 |
_c12952 _d12952 |
||